What Is A Social Movement? (Record no. 43790)

MARC details
000 -LEADER
fixed length control field 00478nam a2200193Ia 4500
008 - FIXED-LENGTH DATA ELEMENTS--GENERAL INFORMATION
fixed length control field 220531s9999 xx 000 0 und d
041 ## - LANGUAGE CODE
Language code of text/sound track or separate title eng
082 ## - DEWEY DECIMAL CLASSIFICATION NUMBER
Item number WHA / JOH
100 ## - MAIN ENTRY--PERSONAL NAME
Personal name Johnston, Hank
9 (RLIN) 79093
245 ## - TITLE STATEMENT
Title What Is A Social Movement?
250 ## - EDITION STATEMENT
Edition statement 1ST
260 ## - PUBLICATION, DISTRIBUTION, ETC. (IMPRINT)
Place of publication, distribution, etc. Jaipur
Name of publisher, distributor, etc. Rawat
Date of publication, distribution, etc. 2017
300 ## - PHYSICAL DESCRIPTION
Extent 194
542 ## - INFORMATION RELATING TO COPYRIGHT STATUS
Copyright holder 15-03-2017
551 ## -
-- Sociology
-- Non-grant-SCO
650 ## - SUBJECT ADDED ENTRY--TOPICAL TERM
Topical term or geographic name as entry element Sociology
9 (RLIN) 79094
906 ## - LOCAL DATA ELEMENT F, LDF (RLIN)
d 2016-2017
f 10370
Holdings
Withdrawn status Lost status Source of classification or shelving scheme Damaged status Not for loan Collection code Home library Current library Date acquired Vendor Cost, normal purchase price Total Checkouts Total Holds Full call number Barcode Date last seen Cost, replacement price Bill Date Koha item type Original Barcode
    Dewey Decimal Classification       Shri Siddhivinayak Mahila Mahavidyalaya Shri Siddhivinayak Mahila Mahavidyalaya 30/03/2017 Bright Books 895.00   1 /WHA/JOH/B/21392 SSMM-BK-21392 06/08/2022 895.00 06/08/2022 Books 010021392